|
|
|
|
| LEADER |
00000nam2a2200000 4500 |
| 001 |
160104 |
| 005 |
20260113172848.0 |
| 010 |
|
|
|a 982983837
|
| 035 |
|
|
|a (RuTPU)RU\TPU\book\173627
|
| 035 |
|
|
|a RU\TPU\book\160843
|
| 090 |
|
|
|a 160104
|
| 100 |
|
|
|a 20090518d2008 k y0rusy50 ca
|
| 101 |
0 |
|
|a rus
|
| 102 |
|
|
|a RU
|
| 105 |
|
|
|a y z 111zy
|
| 200 |
0 |
|
|a Т. 2: История становления Сибирской геологической школы и геологических исследований
|
| 210 |
|
|
|d 2008
|
| 215 |
|
|
|a 615 с.
|
| 320 |
|
|
|a Библиография в конце статей
|
| 330 |
|
|
|a В сборнике помещены доклады, посвященные истории Сибирской геологии. Рассматриваются вопросы становления и перспективы развития Сибирской горногеологической школы, вклад геологов-томичей в изучение и освоение минерально-сырьевой базы России, зарубежья и научные исследования. Освещены пути развития, современное состояние и перспективы геологического образования в Сибири.
|
| 461 |
|
1 |
|0 (RuTPU)RU\TPU\book\173832
|t Международный научно-практический форум Минерально-сырьевая база Сибири: история становления и перспективы, посвященный 100-летию первого выпуска горных инженеров в Сибири и 90-летию Сибгеолкома
|o материалы научно-практической конференции
|f Томская область, Администрация ; Томский политехнический университет (ТПУ)
|v Т. 2: История становления Сибирской геологической школы и геологических исследований
|d 2008
|
| 606 |
1 |
|
|a Минеральное сырье
|x Геология
|2 stltpush
|3 (RuTPU)RU\TPU\subj\44017
|9 63405
|
| 606 |
1 |
|
|a Геология
|x История
|2 stltpush
|3 (RuTPU)RU\TPU\subj\68097
|9 83634
|
| 610 |
1 |
|
|a Сибирь
|
| 610 |
1 |
|
|a минерально-сырьевые базы
|
| 610 |
1 |
|
|a материалы конференций
|
| 610 |
1 |
|
|a Сибирская геологическая школа
|
| 610 |
1 |
|
|a геологические исследования
|
| 610 |
1 |
|
|a геологи
|
| 610 |
1 |
|
|a воспоминания
|
| 610 |
1 |
|
|a персоналии
|
| 610 |
1 |
|
|a труды учёных ТПУ
|
| 675 |
|
|
|a 553.04
|v 3
|
| 675 |
|
|
|a 55(09)
|v 3
|
| 801 |
|
1 |
|a RU
|b 63413507
|c 20081201
|g PSBO
|
| 801 |
|
2 |
|a RU
|b 63413507
|c 20211021
|g PSBO
|
| 942 |
|
|
|c BK
|